000 00386nam a22001457a 4500
003 OSt
008 201117b ||||| |||| 00| 0 eng d
020 _a9788176567527
100 _aSINHA, Pradeep K. and SINHA, Priti
245 _aComputer Fundamentals
250 _a6th
260 _aNew Delhi
_b BPB Publications
_c30 November 2004
650 _aB.Sc Computer Science
942 _2ddc
_cBK
999 _c9102
_d9102